Habilidades para buscar, evaluar y usar información en estudiantes universitarios : una contribución a la "alfabetización informacional" de estudiantes de educación /

La intencionalidad de este artículo está centrada en el interés por compartir la preocupación por desarrollar en los estudiantes habilidades informacionales.\Con este propósito se presenta: (i) Un breve recorrido por algunas definiciones y modelos de la Alfabetización Informacional (AI). (ii) Inform...

Full description

Bibliographic Details
Main Author: Leiva G., David
Other Authors: Gaete, Alicia, Saurina, Elvira
Format: Analitica de revista
Language:Spanish
Published: Santiago, Chile Pontificia Universidad Católica de Chile 2003

MARC

LEADER 00000cab a2200000 a 4500
001 036356
003 UAHC_CL
005 20170803123959.0
008 030922s1994 cl f 000 spa
040 |a UAHC_CL  |c UAHC_CL  |d UAHC_CL 
100 1 |a Leiva G., David 
245 1 0 |a Habilidades para buscar, evaluar y usar información en estudiantes universitarios :  |b una contribución a la "alfabetización informacional" de estudiantes de educación /  |c David Leiva G., Alicia Gaete, Elvira Saurina. 
260 |b Pontificia Universidad Católica de Chile  |c 2003  |a Santiago, Chile 
300 |a p. 221-249 
500 |a En: Pensamiento educativo, nû32, 2003. p.221-249. ISSN 07171013. 
500 |a En: Pensamiento educativo, n°32, 2003. p.221-249. ISSN 07171013. 
500 |a En: Pensamiento educativo, nç32, 2003. p.221-249. ISSN 07171013. 
520 |a La intencionalidad de este artículo está centrada en el interés por compartir la preocupación por desarrollar en los estudiantes habilidades informacionales.\Con este propósito se presenta: (i) Un breve recorrido por algunas definiciones y modelos de la Alfabetización Informacional (AI). (ii) Información obtenida de estudiantes y profesores sobre la vinculación de este tema con sus prácticas educativas y (iii) el Sitio Web que hemos elaborado, a partir de un proyecto para generar los espacios y herramientas que permitan contribuir al logro de estas habilidades.\Finalmente, cabe destacar que el desarrollo de este trabajo estuvo basado en el convencimiento de que bibliotecarios y académicos pueden de manera conjunta potencir la creación de una alianza que contribuya a internalizar las habilidades informacionales como un valor agregado en la formación integral de los estudiantes. 
520 |a La intencionalidad de este artículo está centrada en el interés por compartir la preocupación por desarrollar en los estudiantes habilidades informacionales.\Con este propósito se presenta: (i) Un breve recorrido por algunas definiciones y modelos de la Alfabetización Informacional (AI). (ii) Información obtenida de estudiantes y profesores sobre la vinculación de este tema con sus prácticas educativas y (iii) el Sitio Web que hemos elaborado, a partir de un proyecto para generar los espacios y herramientas que permitan contribuir al logro de estas habilidades.\Finalmente, cabe destacar que el desarrollo de este trabajo estuvo basado en el convencimiento de que bibliotecarios y académicos pueden de manera conjunta potencir la creación de una alianza que contribuya a internalizar las habilidades informacionales como un valor agregado en la formación integral de los estudiantes. 
700 1 |a Gaete, Alicia 
700 1 |a Saurina, Elvira 
759 |a PP160 
773 0 |t Revista PRELAC  |w 041234 
900 |a PENSAMIENTO EDUCATIVO-32/03 
942 |c REVA 
952 |0 0  |1 0  |4 0  |6 PENSAMIENTO_EDUCATIVO32_03_000000000000000  |7 0  |8 General  |9 69077  |a BC  |b BC  |c General  |d 2017-08-03  |l 0  |o PENSAMIENTO EDUCATIVO-32/03  |p FICTICIO4983  |r 2019-01-08 00:00:00  |t 1  |w 2017-08-03  |y REVA 
999 |c 36356  |d 36356